The discoverers / (Record no. 192)

000 -LEADER
fixed length control field 01562cam a2200433 a 4500
001 - CONTROL NUMBER
control field 3297578
003 - CONTROL NUMBER IDENTIFIER
control field OSt
005 - DATE AND TIME OF LATEST TRANSACTION
control field 20210417110328.0
008 - FIXED-LENGTH DATA ELEMENTS--GENERAL INFORMATION
fixed length control field 830603s1983 nyu b 001 0 eng
010 ## - LIBRARY OF CONGRESS CONTROL NUMBER
LC control number 83042766
020 ## - INTERNATIONAL STANDARD BOOK NUMBER
International Standard Book Number 0394402294 :
Terms of availability $25.00
040 ## - CATALOGING SOURCE
Original cataloging agency DLC
Language of cataloging eng
Transcribing agency DLC
Modifying agency DLC
050 00 - LIBRARY OF CONGRESS CALL NUMBER
Classification number CB69
Item number .B66 1983
051 ## - LIBRARY OF CONGRESS COPY, ISSUE, OFFPRINT STATEMENT
Classification number CB69
Item number .B66 1983 Copy 7
Copy information Copy 7. Inscribed by the author to Clare Boothe Luce. Bequest of Clare Boothe Luce, 1989.
051 ## - LIBRARY OF CONGRESS COPY, ISSUE, OFFPRINT STATEMENT
Classification number CB69
Item number .B66 1983 Copy 8
Copy information Copy 8. Signed by the author.
080 ## - UNIVERSAL DECIMAL CLASSIFICATION NUMBER
Universal Decimal Classification number 94
Item number B-69
082 00 - DEWEY DECIMAL CLASSIFICATION NUMBER
Classification number 909
Edition number 19
100 1# - MAIN ENTRY--PERSONAL NAME
Personal name Boorstin, Daniel J.
Fuller form of name (Daniel Joseph),
Dates associated with a name 1914-2004.
245 14 - TITLE STATEMENT
Title The discoverers /
Statement of responsibility, etc. Daniel J. Boorstin.
250 ## - EDITION STATEMENT
Edition statement 1st ed.
260 ## - PUBLICATION, DISTRIBUTION, ETC.
Place of publication, distribution, etc. New York :
Name of publisher, distributor, etc. Random House,
Date of publication, distribution, etc. c1983.
300 ## - PHYSICAL DESCRIPTION
Extent xvi, 745 p. ;
Dimensions 24 cm.
500 ## - GENERAL NOTE
General note Includes index.
504 ## - BIBLIOGRAPHY, ETC. NOTE
Bibliography, etc. note Bibliography: p. [717]-718.
650 #0 - SUBJECT ADDED ENTRY--TOPICAL TERM
Topical term or geographic name entry element Civilization
General subdivision History.
650 #0 - SUBJECT ADDED ENTRY--TOPICAL TERM
Topical term or geographic name entry element Discoveries in geography.
650 #0 - SUBJECT ADDED ENTRY--TOPICAL TERM
Topical term or geographic name entry element Science
General subdivision History.
653 ## - INDEX TERM--UNCONTROLLED
Uncontrolled term ისტორია
653 ## - INDEX TERM--UNCONTROLLED
Uncontrolled term გეოგრაფია
653 ## - INDEX TERM--UNCONTROLLED
Uncontrolled term ცივილიზაცია
653 ## - INDEX TERM--UNCONTROLLED
Uncontrolled term მეცნიერება
700 1# - ADDED ENTRY--PERSONAL NAME
Personal name Luce, Clare Boothe,
Dates associated with a name 1903-1987,
Relator term former owner.
710 2# - ADDED ENTRY--CORPORATE NAME
Corporate name or jurisdiction name as entry element Daniel J. Boorstin Collection (Library of Congress)
Institution to which field applies DLC
856 42 - ELECTRONIC LOCATION AND ACCESS
Materials specified Publisher description
Uniform Resource Identifier <a href="http://www.loc.gov/catdir/description/random0411/83042766.html">http://www.loc.gov/catdir/description/random0411/83042766.html</a>
906 ## - LOCAL DATA ELEMENT F, LDF (RLIN)
a 7
b cbc
c orignew
d 1
e ocip
f 19
g y-gencatlg
942 ## - ADDED ENTRY ELEMENTS (KOHA)
Source of classification or shelving scheme
Koha item type Books
987 ## - LOCAL ROMANIZATION/CONVERSION HISTORY (OCLC)
Agency that converted, created or reviewed RBSCDRECON
Date of conversion or review 20190306
Status code r
Note BIB FILE MAINT.
Holdings
Withdrawn status Lost status Source of classification or shelving scheme Damaged status Not for loan Permanent location Current location Date acquired Inventory number Full call number Barcode Date last seen Price effective from Koha item type
          Ken Walker International University Ken Walker International University 11/12/2020 206 94 B-69 206 11/12/2020 11/12/2020 Books

Powered by Koha